000 00195nam a2200085Ia 4500
008 120527s9999 xx 000 0 und d
100 _aSmith, et al
245 _aModern labor Economics
942 _cBK
999 _c27152
_d27152